Detalles MARC
| 000 -LÍDER |
| Campo fijo de descripción fija |
01407nam a2200373 b 4500 |
| 001 - NÚMERO DE CONTROL |
| Campo de control |
bimo0000374099 |
| 003 - IDENTIFICADOR DEL NÚMERO DE CONTROL |
| Campo de control |
SpMaBN |
| 005 - FECHA Y HORA DE LA ULTIMA TRANSACCIÓN |
| control field |
20180924085331.0 |
| 008 - ELEMENTOS DE LONGITUD FIJA -- INFORMACIÓN GENERAL |
| Campo fijo de descripción fija -- Información general |
930105s1990 sp | |||| ||spa d |
| 017 ## - COPYRIGHT OR LEGAL DEPOSIT NUMBER |
| Copyright or legal deposit number |
B 25631-1990 |
| Assigning agency |
Oficina Depósito Legal Barcelona |
| 020 ## - NÚMERO INTERNACIONAL NORMALIZADO PARA LIBROS |
| Número Internacional Normalizado del libro |
847645418X |
| 040 ## - FUENTE DE CATALOGACIÓN |
| Agencia de catalogación original |
SpMaBN |
| Idioma de catalogación |
spa |
| Agencia que realiza la transcripción |
CO-MdFUSB |
| Agencia que realiza la modificación |
CO-MdFUSBC |
| Convenciones de la descripción |
rda |
| 041 ## - CÓDIGO DE IDIOMA |
| Código de idioma para texto/pista de sonido o título separado |
spa |
| 080 #4 - UNIVERSAL DECIMAL CLASSIFICATION NUMBER |
| Universal Decimal Classification number |
22.07 |
| 082 ## - NÚMERO DE CLASIFICACIÓN DECIMAL DEWEY |
| Número de la edición del Dewey |
23 |
| Número de clasificación |
220.13 |
| Clave de autor-Numero de item |
G274 |
| 100 1# - ASIENTO PRINCIPAL--NOMBRE PERSONAL |
| Nombre personal |
Glaussen, L. |
| Término relacionador |
autor |
| 245 03 - TÍTULO |
| Título del Material |
La inspiración divina de la Biblia |
| Mención de responsabilidad, etc. |
/ L. Gaussen ; traductor Samuel Vila |
| 264 #1 - PRODUCCIÓN, PUBLICACIÓN, DISTRIBUCIÓN, MANUFACTURA, Y COPYRIGHT |
| Lugar de producción, publicación, distribución, manufactura |
Barcelona, España : |
| Nombre del productor, publicador, distribuidor |
Clie, |
| Fecha de producción, publicación, distribución, manufactura, o copyright |
℗[1990] |
| 300 ## - DESCRIPCIÓN FÍSICA |
| Extensión |
317 páginas ; |
| Dimensiones |
23 cm |
| 336 ## - TIPO DE CONTENIDO |
| Fuente |
rdacontent |
| Término de tipo de contenido |
texto |
| Código de tipo de contenido |
txt |
| 337 ## - TIPO DE MEDIO |
| Fuente |
rdamedia |
| Nombre del tipo de medio |
sin mediación |
| Código del tipo de medio |
n |
| 338 ## - TIPO DE SOPORTE |
| Fuente |
rdacarrier |
| Nombre del tipo de soporte |
volumen |
| Código Tipo de soporte |
nc |
| 505 ## - NOTA DE CONTENIDO |
| Nota de contenido con formato preestablecido |
Prefacio -- 1. Su significado -- 2. Su prueba escritural -- 3. Sus aspectos doctrinales -- 4. Examen de las objeciones a la misma -- 5. Examen de sus evaciones -- 6. Su criticismo científico -- 7. Nuestras conclusiones |
| 563 ## - NOTA DE ENCUADERNACIÓN |
| Nota de encuadernación |
Tapa dura |
| 650 #0 - ASIENTO SECUNDARIO DE MATERIA - TERMINO TEMÁTICO |
| 9 (RLIN) |
360 |
| Término temático o nombre geográfico como elemento de entrada |
Biblia |
| Término temático que sigue al nombre geográfico como elemento de entrada |
Evidencias, autoridad, etc. |
| 700 1# - ASIENTO SECUNDARIO - NOMBRE PERSONAL |
| Nombre personal |
Vila, Samuel |
| Responsabilidad |
traductor |
| 942 ## - TIPO DE MATERIAL (KOHA) |
| Tipo de Item KOHA |
Libros General |
| 956 ## - LOCAL ELECTRONIC LOCATION AND ACCESS (OCLC) |
| Host name |
1 2 |
| 980 ## - EQUIVALENCE OR CROSS-REFERENCE-SERIES STATEMENT--PERSONAL NAME/TITLE [LOCAL, CANADA] |
| Personal name |
M-BN |
| Numeration |
BNMADRID |
| Attribution qualifier |
9/91441 |
| Titles and other words associated with a name |
SG_RECOLET |
| 980 ## - EQUIVALENCE OR CROSS-REFERENCE-SERIES STATEMENT--PERSONAL NAME/TITLE [LOCAL, CANADA] |
| Personal name |
B 25631-1990 |
| -- |
M-BN |
| Numeration |
BNALCALA |
| Attribution qualifier |
AHM/88940 |
| Titles and other words associated with a name |
SALA_ALC |
| 980 ## - EQUIVALENCE OR CROSS-REFERENCE-SERIES STATEMENT--PERSONAL NAME/TITLE [LOCAL, CANADA] |
| Personal name |
M-BN |
| Numeration |
BNALCALA |
| Attribution qualifier |
DL/539433 |
| Titles and other words associated with a name |
CONSERVACI |